Statistics for Qatar First Level Subdivisions

Click here to take the quiz!

General Stats

  • This quiz has been taken 62 times
  • The average score is 4 of 8

Answer Stats

Baladiya'at% Correct
Ad Dawhah / Doha
92%
Al Khor
58%
Al Rayyan
54%
Al Shamal
54%
Al Wakrah
50%
Al-Shahaniya
46%
Umm Salal
46%
Al Daayen
42%

Score Distribution

Percentile by Number Answered

Percent of People with Each Score

Your Score History

You have not taken this quiz